| 000 | 01554nam a2200361 i 4500 | ||
|---|---|---|---|
| 003 | DO-SdBNP | ||
| 005 | 20230920133630.0 | ||
| 007 | ta | ||
| 008 | 230920b2023 dr ab||| |||| 00| 0 spa d | ||
| 020 | _a9789945469639 | ||
| 040 |
_aDO-SdBNP _bspa _cBNPHU _erda |
||
| 082 | 4 | _222 | |
| 100 | 1 |
_aSantos, Francis de la, _964432 _eautor |
|
| 245 | 1 | 0 |
_aSabana Buey : _bcuartel general del sur dominicano / _cFrancis de la Rosa ; colaboradores, Ismael Díaz Melo, José Miguel Germán Medrano, Manuel Vetilio Valera Valdez, Ousttuen Díaz, Luis Bienvenido Ortiz Mateo, Yoselin Pimentel |
| 250 | _a2a ed. Ampliada, corregida y actualizada | ||
| 264 |
_aSanto Domingo : _bComisión Permante de Efemérides Patria, _c2023. |
||
| 300 |
_a390 páginas : _bilustraciones, retratos ; _c23 cm. |
||
| 336 |
_2rdacontent _atexto _btxt |
||
| 337 |
_2rdamedia _asin mediación _bn |
||
| 338 |
_2rdacarrier _avolumen _bnc |
||
| 500 | _aIncluye datos biográficos del autor en la solapa de la cubierta | ||
| 500 | _aTercer premio (Sur) Concurso Nacional de Provincias 2010 | ||
| 504 | _aBibliografía : p. 386-390 | ||
| 590 | _aInventariado, 2023/BT | ||
| 700 | 1 |
_aDíaz Melo, Ismael, _ecolaboradores _984219 |
|
| 700 | 1 |
_aGermán Medrano, José Miguel, _ecolaboradores _984220 |
|
| 700 | 1 |
_aValera Valdez, Manuel Vetilio, _ecolaboradores _984221 |
|
| 700 | 1 |
_aDíaz, Ousttuen, _ecolaboradores _984222 |
|
| 700 | 1 |
_aOrtiz Mateo, Luis Bienvenido, _ecolaboradores _984223 |
|
| 700 | 1 |
_aPimentel, Yoselin, _ecolaboradores _984224 |
|
| 910 | _aBtavárez | ||
| 942 |
_2ddc _cLBS1 |
||
| 999 |
_c54857 _d54857 |
||